000 00277 a2200121 4500
999 _c322940
_d322940
001 87867
003 NUST
005 20180124143158.0
008 180124b xxu||||| |||| 00| 0 eng d
082 _a297.4 RAF
100 _aRafique Ahmad Akhtar
_99716
245 _aAhsan e Taqweem
260 _aLahore
_bSang e Meel Pub
_c2010
300 _a254p
942 _aCAE NUST
_cBK
_k297.4 RAF
_2ddc